000 01108nam a2200313 i 4500
001 000007371
003 DO-SdBPM
005 20260123122429.0
007 ta
008 090908s1980 dr a 001 0 spa d
040 _aDO-SdBPM
_bspa
_cBPMSU
_erda
_d
041 _aspa
082 4 _a330.97293
_bC352e 1980
_222
100 1 _aCastillo, José del,
_eautor
_4aut.
245 1 3 _aLa economía dominicana durante el primer cuarto del siglo XX /
_cJosé del Castillo, Walter Cordero.
250 _aSegunda edición
264 1 _aSanto Domingo :
_bEdiciones Fundación García Arévalo,
_c1980.
300 _a65 páginas :
_bilustraciones ;
_c22 cm.
336 _atexto
_btxt
_2rdacontent
337 _asin mediación
_bn
_2rdamedia
338 _avolumen
_bnc
_2rdacarrier
490 0 _aMonográfica ,
_v10
500 _aIncluye referencias bibliográficas y notas al pie de las páginas
590 _aInventariado, 2026/ VM
651 7 _aRepública Dominicana
_xCondiciones económica
_ySiglo XX
700 1 _aCordero, Walter,
_eautor
_4aut.
910 _aVMateo V. Control de calidad BPMSU
942 _2ddc
_cBK
999 _c15625
_d15625